000 00319 a2200109 4500
001 ART_41779
005 20260410161814.0
008 260409a
245 1 0 _aFormación en derecho antidiscriminatorio
100 1 _aGil Ruiz, J. M.
773 0 _tAcademia
_g- Año 13, Nº 26 (jul./dic. 2015)
_wREV4314
999 _c21698
_d21698